Budovanie optimálnej firemnej kultúry - predpoklad dlhodobej prosperity podniku

Bibliographic Details
Main Authors: Čambál, Miloš, 1966- (Author), Baran, Dušan, 1954- (Author)
Format: Article
Language:Slovak
ISSN:1336-7773
Subjects:

MARC

LEADER 00000nab a2200000 ar4500
001 vtls008418384
003 SK-MaSNL
005 20260304143542.0
008 250505c2005 xo ur|p|||||||000 b|slo
015 |a SNBRB2005/12  |2 snkbucl 
035 |a (uuid)c6174d93-479f-4e1c-ad6f-4d5ab1de45f5 
035 |a urn:nbn:sk:snk-abw81 
035 |a (urnnbn)urn:nbn:sk:snk:ar-a06nvh 
038 |a SNKBUCL 
040 |a SNKBUCL  |b slo  |c SNKBUCL  |e AACR2 
041 0 |a slo  |b eng 
044 |a xo  |c SK 
080 |a 658.011.1  |2 UDC-MRF-SK2 
100 1 |a Čambál, Miloš,  |d 1966-  |4 aut  |9 212244 
245 1 0 |a Budovanie optimálnej firemnej kultúry - predpoklad dlhodobej prosperity podniku  |c Miloš Čambál, Dušan Baran 
504 |a Bibliogr. odkazy 
546 |a Abstrakt angl. 
650 0 7 |a kultúra organizácie  |2 snkbucl  |9 3660 
700 1 |a Baran, Dušan,  |d 1954-  |4 aut  |9 210041 
773 0 |t Fórum manažéra  |g Roč. I., nultá edícia (2005), s. 13-15  |x 1336-7773 
850 |a Slovenská národná knižnica 
852 |a Slovenská národná knižnica 
954 |a odborná, vedecká literatúra pôvodná (slovenská)  |2 lita 
958 |a article27 
958 |a NB 
958 |a OND 
958 |a EUIPO 
999 |c 2926073  |d 2928003